[Event "Liguria Region-ch"]
[Site "Spotorno"]
[Date "2016.05.14"]
[Round "3"]
[White "Durdevic, Radoslav"]
[Black "Monticone, Sonia"]
[Result "1-0"]
[WhiteElo "2081"]
[BlackElo "1940"]
[PlyCount "37"]
[EventDate "2016.05.13"]
[EventType "swiss"]
[EventRounds "5"]
[EventCountry "ITA"]
[SourceTitle "EXT 2018"]
[Source "ChessBase"]
[SourceDate "2017.10.13"]
[SourceVersion "1"]
[SourceVersionDate "2017.10.13"]
[SourceQuality "1"]

1. e4 c5 2. Nf3 e6 3. Nc3 a6 4. g3 Nc6 5. Bg2 Qc7 6. 0-0 Nf6 7. d4 cxd4 8. Nxd4 d6 9. Be3 Bd7 10. h3 Be7 11. Qd2 Ne5 12. b3 Rg8 13. Nce2 h5 14. c4 Nc6 15. Nxc6 bxc6 16. Rac1 Qb8 17. Rfd1 e5 18. Bg5 Be6 19. Nc3 1-0

[Event "Genova op 6th"]
[Site "Genova"]
[Date "2002.08.09"]
[Round "8"]
[White "Mollero, Michele"]
[Black "Durdevic, Radoslav"]
[Result "1-0"]
[WhiteElo "2153"]
[BlackElo "2124"]
[PlyCount "155"]
[EventDate "2002.08.03"]
[EventType "swiss"]
[EventRounds "9"]
[EventCountry "ITA"]
[SourceTitle "CBM 089 Extra"]
[Source "ChessBase"]
[SourceDate "2002.09.10"]
[SourceVersion "2"]
[SourceVersionDate "2002.09.10"]
[SourceQuality "1"]

1. e4 c5 2. Nc3 Nc6 3. g3 g6 4. Bg2 Bg7 5. f4 d6 6. d3 e6 7. Nf3 Nge7 8. 0-0 0-0 9. Ne2 Bd7 10. c3 Rc8 11. Be3 h6 12. g4 b6 13. Ng3 f5 14. Nh4 Bf6 15. g5 hxg5 16. fxg5 Bg7 17. exf5 gxf5 18. g6 Be8 19. Bg5 Ne5 20. Ngxf5 Bf6 21. Nh6+ Kg7 22. Rxf6 Rxf6 23. Bxf6+ Kxf6 24. Ng4+ Kg7 25. Nxe5 dxe5 26. Qg4 Nxg6 27. Nxg6 Bxg6 28. Be4 Qe8 29. h4 Kh7 30. Qh5+ Kg7 31. Qxe5+ Kg8 32. Kh2 Bxe4 33. Rg1+ Bg6 34. h5 Qf7 35. Rxg6+ Kh7 36. Qe4 Qf5 37. Rxe6 Rf8 38. Re7+ Kh6 39. Re6+ Kg7 40. Re7+ Kh6 41. Qxf5 Rxf5 42. Kg3 Kxh5 43. Rxa7 Kg5 44. Rg7+ Kh6 45. Rd7 Kg5 46. Rd6 b5 47. Rb6 Rd5 48. Kf3 Kf5 49. Ke3 c4 50. dxc4 bxc4 51. Rb4 Rd3+ 52. Ke2 Rh3 53. a4 Ke5 54. a5 Kd5 55. a6 Rh7 56. Ra4 Ra7 57. Ke3 Kc5 58. Ke4 Kb5 59. Ra1 Kc5 60. Ke5 Re7+ 61. Kf6 Ra7 62. Ke6 Kc6 63. Ra4 Kb5 64. Ra3 Kc6 65. Ke5 Kc5 66. Ke4 Re7+ 67. Kf4 Rf7+ 68. Ke3 Re7+ 69. Kd2 Rd7+ 70. Kc2 Ra7 71. Kb1 Kb5 72. Ka2 Rxa6 73. Rxa6 Kxa6 74. Kb1 Kb5 75. Kc2 Ka4 76. Kc1 Kb5 77. Kd2 Ka4 78. Ke3 1-0

[Event "Genova op 6th"]
[Site "Genova"]
[Date "2002.08.04"]
[Round "2"]
[White "Durdevic, Radoslav"]
[Black "Guido, Flavio"]
[Result "1/2-1/2"]
[WhiteElo "2124"]
[BlackElo "2327"]
[PlyCount "82"]
[EventDate "2002.08.03"]
[EventType "swiss"]
[EventRounds "9"]
[EventCountry "ITA"]
[SourceTitle "CBM 089 Extra"]
[Source "ChessBase"]
[SourceDate "2002.09.10"]
[SourceVersion "2"]
[SourceVersionDate "2002.09.10"]
[SourceQuality "1"]

1. e4 c5 2. Nf3 e6 3. d4 cxd4 4. Nxd4 Nf6 5. Nc3 d6 6. Be2 a6 7. a4 Qc7 8. 0-0 b6 9. f4 Bb7 10. Bf3 Nbd7 11. Kh1 Rc8 12. Qe1 Ba8 13. Be3 Be7 14. Rd1 0-0 15. Bg1 Rfe8 16. Qe2 e5 17. fxe5 dxe5 18. Nf5 Bb7 19. Nxe7+ Rxe7 20. Bf2 Re6 21. Rd2 Rd6 22. Rfd1 Rxd2 23. Qxd2 h6 24. Qd6 Qxd6 25. Rxd6 Rc6 26. Rxc6 Bxc6 27. b4 b5 28. axb5 axb5 29. Ba7 g5 30. h3 Kf8 31. Kg1 Ke7 32. Kf2 Ne8 33. Ke2 Nd6 34. g3 Nf6 35. Bc5 Ke6 36. Bxd6 Kxd6 37. g4 Ne8 38. Nd1 Ke6 39. Ne3 Nd6 40. Kd3 Kf6 41. c3 Ke7 1/2-1/2

[Event "Genova op"]
[Site "Genova"]
[Date "2001.11.22"]
[Round "5"]
[White "Durdevic, Radoslav"]
[Black "De Santis, Alessio"]
[Result "0-1"]
[WhiteElo "2136"]
[BlackElo "2353"]
[PlyCount "82"]
[EventDate "2001.11.19"]
[EventType "swiss"]
[EventRounds "9"]
[EventCountry "ITA"]
[SourceTitle "CBM 085 Extra"]
[Source "ChessBase"]
[SourceDate "2002.01.21"]
[SourceVersion "1"]
[SourceVersionDate "2002.01.21"]
[SourceQuality "1"]

1. e4 c5 2. Nf3 e6 3. d4 cxd4 4. Nxd4 a6 5. Nc3 Qc7 6. g3 h5 7. h4 Nf6 8. Bg2 Nc6 9. Bf4 e5 10. Nxc6 exf4 11. e5 Ng4 12. Nd5 Qxc6 13. Nf6+ gxf6 14. Bxc6 dxc6 15. gxf4 Bc5 16. Rf1 Be6 17. Qd3 Rd8 18. Qc3 Rd5 19. Rd1 Rxd1+ 20. Kxd1 Nxf2+ 21. Kc1 Ne4 22. Qe1 f5 23. Qa5 Be3+ 24. Kd1 Kd7 25. Rf3 Bc5 26. Rd3+ Kc8 27. Kc1 Bc4 28. b4 Bf2 29. Rf3 Bd4 30. Rd3 Bxd3 31. cxd3 Nc3 32. a4 Rg8 33. b5 Rg1+ 34. Kc2 Rg2+ 35. Kb3 axb5 36. Qa8+ Kc7 37. axb5 Na4 38. Qf8 Rb2+ 39. Ka3 Bc5+ 40. Qxc5 Nxc5 41. Kxb2 Nxd3+ 0-1

[Event "Genova Val Bisagno 2nd"]
[Site "Genova"]
[Date "2001.11.??"]
[Round "2"]
[White "Del Noce, Roberto"]
[Black "Durdevic, Radoslav"]
[Result "0-1"]
[WhiteElo "1666"]
[BlackElo "2136"]
[PlyCount "128"]
[EventDate "2001.11.??"]
[EventType "swiss"]
[EventRounds "6"]
[EventCountry "ITA"]
[SourceTitle "EXT 2024"]
[Source "ChessBase"]
[SourceDate "2023.10.10"]
[SourceVersion "1"]
[SourceVersionDate "2023.10.10"]
[SourceQuality "1"]

1. e4 c5 2. Nf3 Nc6 3. d4 cxd4 4. Nxd4 d6 5. c4 Nf6 6. Nc3 g6 7. Be2 Bg7 8. Be3 Bd7 9. 0-0 0-0 10. Qd2 Ng4 11. Bxg4 Bxg4 12. f3 Bd7 13. Nd5 a6 14. Rfd1 Ne5 15. b3 f6 16. Rac1 e6 17. Nf4 Qe7 18. Nd3 Bc6 19. Nxe5 dxe5 20. Nxc6 bxc6 21. Qd6 Qe8 22. Qd7 a5 23. Qxe8 Rfxe8 24. Bb6 Bf8 25. c5 a4 26. b4 Bh6 27. Rc3 Bf8 28. Ba5 f5 29. Rd7 Re7 30. Rcd3 Rxd7 31. Rxd7 Bxc5+ 32. Kf1 Bd4 33. Bd8 fxe4 34. fxe4 Rb8 35. Be7 Bc3 36. a3 Bd4 37. Ke2 Rb5 38. Rc7 Kf7 39. Bd6+ Kf6 40. Rxh7 g5 41. Rc7 Rb6 42. Rc8 Ra6 43. Rf8+ Kg6 44. g4 Bb2 45. Rg8+ Kf6 46. Rf8+ Kg7 47. Re8 Ra7 48. Rc8 Bxa3 49. Rxc6 Bb2 50. b5 Kf6 51. Rc7 Ra5 52. b6 Rb5 53. Ra7 Bd4 54. Be7+ Kg6 55. Rxa4 Rxb6 56. Ra2 Rb3 57. h4 Rh3 58. Ra3 Rxh4 59. Rg3 Rh7 60. Ba3 Rb7 61. Rd3 Rc7 62. Kd1 Rf7 63. Rd2 Rf4 64. Rg2 Rxe4 0-1